<?xml version="1.0" encoding="UTF-8"?><marc:collection xmlns:marc="http://www.loc.gov/MARC21/slim">
  <marc:record>
    <marc:leader>00000nam  2200000za 4500</marc:leader>
    <marc:controlfield tag="001">9.629514</marc:controlfield>
    <marc:controlfield tag="003">CaOODSP</marc:controlfield>
    <marc:controlfield tag="005">20221107134230</marc:controlfield>
    <marc:controlfield tag="007">cr |||||||||||</marc:controlfield>
    <marc:controlfield tag="008">150407s2015    oncd    ob   f000 0 eng d</marc:controlfield>
    <marc:datafield tag="020" ind1=" " ind2=" ">
      <marc:subfield code="a">978-1-100-23321-5</marc:subfield>
    </marc:datafield>
    <marc:datafield tag="040" ind1=" " ind2=" ">
      <marc:subfield code="a">CaOODSP</marc:subfield>
      <marc:subfield code="b">eng</marc:subfield>
    </marc:datafield>
    <marc:datafield tag="043" ind1=" " ind2=" ">
      <marc:subfield code="a">n-cn---</marc:subfield>
    </marc:datafield>
    <marc:datafield tag="086" ind1="1" ind2=" ">
      <marc:subfield code="a">CS91-620/2015E-PDF</marc:subfield>
    </marc:datafield>
    <marc:datafield tag="245" ind1="0" ind2="0">
      <marc:subfield code="a">Population projections for Canada (2013 to 2063), provinces and territories (2013 to 2038) </marc:subfield>
      <marc:subfield code="h">[electronic resource] : </marc:subfield>
      <marc:subfield code="b">technical report on methodology and assumptions /  </marc:subfield>
      <marc:subfield code="c">by Nora Bohnert … [et al.].</marc:subfield>
    </marc:datafield>
    <marc:datafield tag="260" ind1=" " ind2=" ">
      <marc:subfield code="a">[Ottawa] : </marc:subfield>
      <marc:subfield code="b">Statistics Canada, </marc:subfield>
      <marc:subfield code="c">2015.</marc:subfield>
    </marc:datafield>
    <marc:datafield tag="300" ind1=" " ind2=" ">
      <marc:subfield code="a">80 p. : </marc:subfield>
      <marc:subfield code="b">fig., graphs, tables.</marc:subfield>
    </marc:datafield>
    <marc:datafield tag="500" ind1=" " ind2=" ">
      <marc:subfield code="a">Issued also in French under title: Projections démographiques pour le Canada (2013 à 2063), les provinces et les territoires (2013 à 2038), rapport technique sur la méthodologie et les hypotheses.</marc:subfield>
    </marc:datafield>
    <marc:datafield tag="500" ind1=" " ind2=" ">
      <marc:subfield code="a">“Release date: May 26, 2015.”</marc:subfield>
    </marc:datafield>
    <marc:datafield tag="504" ind1=" " ind2=" ">
      <marc:subfield code="a">Includes bibliographical references.</marc:subfield>
    </marc:datafield>
    <marc:datafield tag="520" ind1=" " ind2=" ">
      <marc:subfield code="a">This report describes the methodology used to calculate the projection parameters and develop the various projection assumptions for the Population Projections for Canada (2013 to 2063), Provinces and Territories (2013 to 2038). Previously combined with the analysis and data tables in a single publication (Statistics Canada Catalogue no. 91-520-X), the description of the methods and assumptions is presented here in a separate, more detailed document. The report contains eight chapters, which provide a detailed description of the methods and various analyses of the components of population growth and the factors likely to affect their evolution in the years ahead. Chapter 1 describes Statistics Canada’s cohort-component projection model. Chapter 2 outlines a new initiative: the Opinion Survey on Future Demographic Trends. This survey is part of a broader consultation process designed to incorporate more expert opinion into the assumption development process. The following six chapters cover the various components of population growth, one by one, in the following order: fertility, mortality, immigration, emigration, non-permanent residents and interprovincial migration. The main report, containing the projection results (Statistics Canada Catalogue no. 91-520-X), includes a summary of the projection assumptions and scenarios.</marc:subfield>
    </marc:datafield>
    <marc:datafield tag="692" ind1="0" ind2="7">
      <marc:subfield code="2">gccst</marc:subfield>
      <marc:subfield code="a">Population</marc:subfield>
    </marc:datafield>
    <marc:datafield tag="692" ind1="0" ind2="7">
      <marc:subfield code="2">gccst</marc:subfield>
      <marc:subfield code="a">Demography</marc:subfield>
    </marc:datafield>
    <marc:datafield tag="692" ind1="0" ind2="7">
      <marc:subfield code="2">gccst</marc:subfield>
      <marc:subfield code="a">Forecasting</marc:subfield>
    </marc:datafield>
    <marc:datafield tag="692" ind1="0" ind2="7">
      <marc:subfield code="2">gccst</marc:subfield>
      <marc:subfield code="a">Methodology</marc:subfield>
    </marc:datafield>
    <marc:datafield tag="700" ind1="1" ind2=" ">
      <marc:subfield code="a">Bohnert, Nora.</marc:subfield>
    </marc:datafield>
    <marc:datafield tag="710" ind1="2" ind2=" ">
      <marc:subfield code="a">Statistics Canada.</marc:subfield>
    </marc:datafield>
    <marc:datafield tag="775" ind1="0" ind2="8">
      <marc:subfield code="t">Projections démographiques pour le Canada (2013 à 2063), les provinces et les territoires (2013 à 2038) </marc:subfield>
      <marc:subfield code="w">(CaOODSP)9.677108</marc:subfield>
    </marc:datafield>
    <marc:datafield tag="794" ind1=" " ind2=" ">
      <marc:subfield code="t">Population projections for Canada (2018 to 2068), provinces and territories (2018 to 2043) : </marc:subfield>
      <marc:subfield code="w">(CaOODSP)9.874526</marc:subfield>
    </marc:datafield>
    <marc:datafield tag="856" ind1="4" ind2="0">
      <marc:subfield code="q">PDF</marc:subfield>
      <marc:subfield code="s">1.73 MB</marc:subfield>
      <marc:subfield code="u">https://publications.gc.ca/collections/collection_2015/statcan/91-620-x2014001-eng.pdf</marc:subfield>
    </marc:datafield>
    <marc:datafield tag="986" ind1=" " ind2=" ">
      <marc:subfield code="a">Catalogue no. 91-620-X</marc:subfield>
    </marc:datafield>
  </marc:record>
</marc:collection>
